[Event "CAN-ch U16"]
[Site "Montreal"]
[Date "2014.07.17"]
[Round "5"]
[White "Li, Robert"]
[Black "Washimkar, Atharva"]
[Result "1-0"]
[WhiteElo "1764"]
[BlackElo "1765"]
[PlyCount "71"]
[EventDate "2014.07.15"]
[EventType "swiss"]
[EventRounds "7"]
[EventCountry "CAN"]
[SourceTitle "EXT 2022"]
[Source "ChessBase"]
[SourceDate "2021.10.06"]
[SourceVersion "1"]
[SourceVersionDate "2021.10.06"]
[SourceQuality "1"]

1. e4 c5 2. Nf3 d6 3. d4 cxd4 4. Nxd4 Nf6 5. Nc3 g6 6. Be3 Bg7 7. f3 0-0 8. Qd2 Nc6 9. Bc4 Bd7 10. 0-0-0 Ne5 11. Bb3 Rb8 12. h4 b5 13. Qe2 Nh5 14. Rhg1 b4 15. g4 bxc3 16. gxh5 a5 17. bxc3 a4 18. hxg6 axb3 19. gxh7+ Kh8 20. Nxb3 Be6 21. Qg2 Bf6 22. Bg5 Bg7 23. Bxe7 Bh6+ 24. Bg5 Bxg5+ 25. hxg5 Bxb3 26. cxb3 Qa5 27. b4 Qc7 28. Qb2 Rfc8 29. f4 Nc4 30. Qf2 Kxh7 31. Rh1+ Kg8 32. Qh4 Kf8 33. Qh8+ Ke7 34. Qf6+ Kd7 35. Qxf7+ Kc6 36. Qxc4+ 1-0

[Event "Toronto NAYCC U16"]
[Site "Toronto"]
[Date "2013.08.18"]
[Round "9"]
[White "Li, Robert"]
[Black "Nasir, Zehn"]
[Result "0-1"]
[WhiteElo "1847"]
[BlackElo "2089"]
[PlyCount "188"]
[EventDate "2013.08.14"]
[EventType "swiss"]
[EventRounds "9"]
[EventCountry "CAN"]
[SourceTitle "EXT 2022"]
[Source "ChessBase"]
[SourceDate "2021.10.06"]
[SourceVersion "1"]
[SourceVersionDate "2021.10.06"]
[SourceQuality "1"]

1. e4 c6 2. d4 d5 3. Nc3 dxe4 4. Nxe4 Bf5 5. Ng3 Bg6 6. Nf3 Nd7 7. Bd3 e6 8. Bf4 Ngf6 9. 0-0 Be7 10. c3 Qb6 11. Bxg6 hxg6 12. Qc2 0-0-0 13. a4 Nh5 14. Bd2 Rh7 15. b4 Rdh8 16. a5 Qc7 17. Nxh5 Rxh5 18. h3 g5 19. Nh2 Bd6 20. f4 Nf6 21. c4 Bxf4 22. Bxf4 gxf4 23. Qe2 Qd6 24. Qd2 Ne4 25. Qb2 Ng3 26. Rfd1 Nf5 27. Ng4 Ne3 28. Nxe3 fxe3 29. b5 c5 30. dxc5 Qxc5 31. Qd4 e2 32. Qxc5+ Rxc5 33. Re1 Rh4 34. Rac1 Rhxc4 35. Rxc4 Rxc4 36. Rxe2 Ra4 37. Rc2+ Kd8 38. b6 axb6 39. axb6 Rd4 40. Kf2 f6 41. Ke3 Rd6 42. Rb2 Kd7 43. Ke4 g6 44. g4 e5 45. Rb4 Ke6 46. h4 Rd1 47. Kf3 Rd3+ 48. Kg2 f5 49. Rc4 Rb3 50. h5 fxg4 51. hxg6 Kf6 52. Rxg4 Kg7 53. Rg5 Rxb6 54. Rxe5 Kxg6 55. Kf3 Rd6 56. Ke4 Kf6 57. Rd5 Rc6 58. Rb5 Rc7 59. Kd5 Ke7 60. Rb6 Kd7 61. Rh6 Rc1 62. Rh7+ Kc8 63. Rh6 Kb8 64. Rh8+ Ka7 65. Rh4 b6 66. Rc4 Rh1 67. Kc6 Rh6+ 68. Kb5 Kb7 69. Rg4 Rh5+ 70. Kc4 Ka6 71. Kb4 Rh1 72. Rf4 Rb1+ 73. Kc3 Ka5 74. Kc2 Rg1 75. Rf3 Ka4 76. Rh3 Rg4 77. Kb2 Rg2+ 78. Kb1 b5 79. Rf3 Rg1+ 80. Kb2 b4 81. Rh3 Rg4 82. Rf3 b3 83. Rf8 Rg2+ 84. Kc3 Rc2+ 85. Kd3 Ka3 86. Ra8+ Kb2 87. Rb8 Rc7 88. Rb6 Rd7+ 89. Ke2 Kc2 90. Rc6+ Kb1 91. Rb6 b2 92. Ke1 Rd4 93. Rb8 Ka2 94. Ra8+ Kb3 0-1

[Event "CAN-ch U16"]
[Site "Ottawa"]
[Date "2013.07.10"]
[Round "2"]
[White "Li, Robert"]
[Black "Zhang, Kevin3333"]
[Result "0-1"]
[WhiteElo "1790"]
[BlackElo "2000"]
[PlyCount "76"]
[EventDate "2013.07.10"]
[EventType "swiss"]
[EventRounds "6"]
[EventCountry "CAN"]
[SourceTitle "EXT 2022"]
[Source "ChessBase"]
[SourceDate "2021.10.06"]
[SourceVersion "1"]
[SourceVersionDate "2021.10.06"]
[SourceQuality "1"]

1. e4 g6 2. d4 Bg7 3. Nc3 d6 4. Be3 a6 5. Nf3 Nd7 6. Be2 b5 7. a3 Bb7 8. 0-0 Ngf6 9. Nd2 c5 10. f4 b4 11. axb4 cxb4 12. e5 bxc3 13. exf6 Nxf6 14. bxc3 Nd5 15. Nc4 Nxc3 16. Qd2 Nxe2+ 17. Qxe2 a5 18. Na3 0-0 19. Qd2 Be4 20. g4 a4 21. h4 Qa5 22. c3 Rfc8 23. Rac1 Rab8 24. f5 Rb3 25. fxg6 fxg6 26. Qa2 Kh8 27. Bd2 Qa6 28. Nc2 Bxc2 29. Rxc2 Qd3 30. Rf4 Rcb8 31. Kg2 a3 32. Bc1 Rb2 33. Rxb2 axb2 34. Bxb2 Qe2+ 35. Rf2 Qxg4+ 36. Kf1 Qxh4 37. Bc1 Qh1+ 38. Ke2 Qxc1 0-1